Religion catholique : Notre-Dame de Guadalupe - Statistiques

Statistiques générales
  • Ce quiz a été pris 20 fois
  • Le résultat moyen est 11 sur 18
Statistiques - réponses
Questions Réponses % Correct
Pays dont Notre-Dame de Guadalupe a été proclamée reine en 1895. Le Mexique
100%
Fleur que la très sainte femme demandait à l'indigène d'aller cueillir sur le Tepeyac. Il y trouva les plus belles qu'il ait jamais vues en pleine saison hivernale. La rose
94%
Très sainte femme qui serait apparue dans la capitale de ce pays d'Amérique latine en 1531. La sainte Vierge Marie
89%
Type de relief qu'est le Tepeyac, sur lequel ont eu lieu les apparitions. Une colline
78%
Vêtement porté par l'indigène. Lorsqu'il est retourné chez l'évêque, l'indigène ouvrit ce vêtement rempli des fleurs qu'il avait cueillies. Toutes les personnes alors présentes autour du prélat purent constater ébahies que l'image de Notre-Dame de Guadalupe s'était imprimée sur le vêtement, ce qui constitue un miracle. Un manteau - une tilma
72%
Mois durant lequel est célébrée Notre-Dame de Guadalupe. Décembre (le 12)
67%
Berger indigène converti au catholicisme, témoin de l'apparition de Notre-Dame de Guadalupe. Juan Diego Cuauhtlatoatzin dit Juan Diego
67%
Guerre de persécutions anticléricales qui débuta en 1926 lorsque 400 insurgés catholiques armés s'étaient réfugiés dans une église dédiée à Notre-Dame de Guadalupe. Durant les trois années de guerre civile qui suivirent, les insurgés prirent l'image de Notre-Dame de Guadalupe comme emblème sur leurs étendards. La Guerre des Cristeros
67%
Peuple dont fait partie cet indigène, témoin des apparitions de Guadalupe. Les Aztèques
67%
Pape qui proclama Notre-Dame de Guadalupe, patronne de l'Amérique latine, en 1910. Saint Pie X
67%
Nombre total d'apparitions de la très sainte femme auprès de cet indigène. Quatre
61%
Monument parisien dans lequel une chapelle est consacrée aux apparitions dites de Guadalupe. La Cathédrale Notre-Dame de Paris
56%
Insurgé assassiné en 1919 qui combattait pour la restitution des propriétés collectives des villages instituées durant la période coloniale et qui furent confisquées et nationalisées par le gouvernement laïque au pouvoir à l'époque. Ses hommes avait pour bannière une image de Notre-Dame de Guadalupe. Emiliano Zapata Salazar
50%
Genre de films que sont "Saludos hombre" ("Corri uomo corri") de Sergio Sollima (1968) et "Un tueur nommé Luke" ("La notte dei serpenti") de Giulio Petroni (1970), films dans lesquels il est fait référence à Notre-Dame de Guadalupe par la voix de personnages secondaires. Le western
50%
Général et homme d'État conservateur du pays des apparitions (réponse #1), général connu pour la prise de Fort Alamo au détriment de Davy Crockett. Il convainquit le Pape Pie IX de reconnaitre l'Ordre national de Notre-Dame de Guadalupe. Antonio López de Santa Anna
44%
Bataille navale et victoire catholique décisive contre l'Empire ottoman, bataille au cours de laquelle l'amiral génois Giovanni Andrea Doria possédait sur son navire, une copie de l'image de Notre-Dame de Guadalupe et aurait prié devant le tableau avant d'engager la bataille. La Bataille de Lépante
44%
Plante succulente (ou plante grasse) originaire des régions désertiques, caillouteuses et montagneuses d'Amérique centrale. Le vêtement de l'indigène est en fibre de cette plante. Son état de conservation depuis près de cinq siècles défie les lois scientifiques. L'agave
39%
Communauté autonome d'Espagne où se situe la ville de Guadalupe. Les conquérants et les évangélisateurs espagnols apportèrent aux Amériques l'image de Notre-Dame de Guadalupe qui était déjà vénérée dans cette ville d'Espagne d'où la confusion entre les deux vénérations. L'Estrémadure
33%
Aucun quiz correspondant
Distribution des résultats
% des personnes avec chaque résultat
Percentile par nombre de réponses
Votre historique - résultats
Vous n’avez pas pris ce quiz